000 01001nam a2200253 a 4500
001 44041
003 BD-RjUL
005 20211209053806.0
008 160713s2008 ii ||||| |||| 00| 0 ben d
020 _a9788129511287
_c: IRs. 150.00
035 _a(BD-RjUL)44159
040 _aBD-RjUL
_bben
_cBD-RjUL
_dBD-RjUL
041 _aben
082 _223
_a297.03
_bDAC 2011
100 _aদত্ত, মিলন
_9135273
245 1 0 _aচলিত ইসলামি শব্দকোষ :
_bসঙ্গে প্রচলিত মুসলমান নামের তালিকা /
_cমিলন দত্ত
250 _a১ম দে'জ সং.
260 _aকলকাতা:
_bদে'জ পাবলিশিং,
_c২০১১
300 _a৩৩৬ পৃ. ;
_c১৮ সেমি.
504 _aগ্রন্থপঞ্জি পৃ. [৩৩২]-৩৩৬
650 _aইসলাম
_vঅভিধান
_9135274
650 _aIslam
_vDictionaries
_9135275
942 _2ddc
_cREF
999 _c44041
_d44041